00701nam a2200193Ia 4500003000900000008004100009020002200050040001600072080001600088245008300104260004800187300001400235650004400249700003000293700002800323942000700351999001700358952013200375IN-BaIIA211028s9999 xx 000 0 eng d a978-0-521-89935-2 cIIA Library a(03)52bPAT 0aPatrick Moore's data book of astronomycedited by Patrick Moore and Robin Ress aCambridgebCambridge University Pressc2011 aix, 576p. aAstronomy-Handbooks, manual etc.934454 aMoore, Patrick, ed.94628 aRess, Robin, ed.934455 cBK c18081d18081 00104070aBANbBANcGENd2011-07-15eINT g2585.00l0o(03)52/ PATp19003r2021-11-05v2585.00w2011-07-15yBKGRs. 2585.00